| 000 | 00719nam a2200169 a 4500 | ||
|---|---|---|---|
| 001 | 000033999 | ||
| 005 | 20200930070705.0 | ||
| 008 | 110920s1864 fr 000 0 fre d | ||
| 040 |
_aDO-SdBNP _cBNPHU |
||
| 082 |
_axxxx _bD147j |
||
| 100 | 1 |
_aDalloz, M. D. _959448 |
|
| 245 | 1 | 0 |
_aJurisprudence general : _bRepertoire méthodique et alphabétique de législation, de doctrine et de jurisprudence en matiére de droit civil, commercial, criminel, administratif de droit des gens et de droit public / _cM. D. Dalloz, M. Armand Dalloz. |
| 260 |
_aParís : _bBureau de la Jurisprudence Générale, _c1864. |
||
| 300 |
_av. ; _c28 cm. |
||
| 500 | _aLa biblioteca posee el tomo 44-parte 2 | ||
| 700 | 1 |
_aDalloz, M. Armand _959449 |
|
| 999 |
_c33490 _d33490 |
||